Con ong và kỹ thuật nuôi ong nội địa
Cơ sở khoa học của nghề nuôi ong; Công nghệ nuôi ong lấy sản phẩm, thức ăn của ong, công cụ nuôi ong và hiệu quả kinh tế của nghề nuôi ong
সংরক্ষণ করুন:
| প্রধান লেখক: | |
|---|---|
| অন্যান্য লেখক: | |
| ভাষা: | Undetermined |
| প্রকাশিত: |
Nghệ An
Nxb. Nghệ An
2003
|
| বিষয়গুলি: | |
| ট্যাগগুলো: |
ট্যাগ যুক্ত করুন
কোনো ট্যাগ নেই, প্রথমজন হিসাবে ট্যাগ করুন!
|
| Thư viện lưu trữ: | Trung tâm Học liệu Trường Đại học Trà Vinh |
|---|
| LEADER | 00811nam a2200241Ia 4500 | ||
|---|---|---|---|
| 001 | TVU_2183 | ||
| 008 | 210423s9999 xx 000 0 und d | ||
| 041 | |a Vie | ||
| 082 | |a 641.31 | ||
| 082 | |b Th116 | ||
| 100 | |a Ngô, Khắc Thắng | ||
| 245 | 0 | |a Con ong và kỹ thuật nuôi ong nội địa | |
| 245 | 0 | |c Ngô Khắc Thắng | |
| 260 | |a Nghệ An | ||
| 260 | |b Nxb. Nghệ An | ||
| 260 | |c 2003 | ||
| 300 | |a 235 tr. | ||
| 300 | |c 21 cm | ||
| 504 | |a Thư mục tham khảo: tr.232 | ||
| 520 | |a Cơ sở khoa học của nghề nuôi ong; Công nghệ nuôi ong lấy sản phẩm, thức ăn của ong, công cụ nuôi ong và hiệu quả kinh tế của nghề nuôi ong | ||
| 650 | |a Chăn nuôi; Ong | ||
| 700 | |a Ngô Khắc Thắng | ||
| 980 | |a Trung tâm Học liệu Trường Đại học Trà Vinh | ||